| 000 | 01007nam a2200265Ia 4500 | ||
|---|---|---|---|
| 999 |
_c53678 _d53678 |
||
| 001 | 20725 | ||
| 003 | GE_BSU | ||
| 005 | 20221114120526.0 | ||
| 008 | 181216s2012||||xx |||||||||||||| ||eng|| | ||
| 020 | _a9780230299931x | ||
| 040 | _cGE_BSU | ||
| 041 | _aeng | ||
| 080 | _a327 W-81 | ||
| 100 |
_aWolff, Sarah _910432 |
||
| 245 | 4 |
_aThe Mediterranean Dimension of the European Union's Internal Security / _cSarah Wolff. |
|
| 264 |
_aLondon : _bPalgrave macmillan, _c2012. |
||
| 300 | _a273 p. 22cm. | ||
| 500 | _aBibl. : p.235-262 | ||
| 500 | _aIndex. : p.263-273 | ||
| 541 | _h93 Gel. | ||
| 653 | _aThe Mediterranean Dimension of the European Union's Internal Security | ||
| 653 | _aСредиземноморское измерение внутренней безопасности Европейского союза | ||
| 653 | _aშიდა უსაფრთხოების შიდა ხმელთაშუა ზღვის განზომილება | ||
| 942 |
_cBK _2udc |
||